UBT Library

Researching society and culture / (Record no. 1386)

000 -LEADER
fixed length control field 00543nam a22001937a 4500
008 - FIXED-LENGTH DATA ELEMENTS--GENERAL INFORMATION
fixed length control field 151126b xxu||||| |||| 00| 0 eng d
020 ## - INTERNATIONAL STANDARD BOOK NUMBER
International Standard Book Number 0761952772 (pbk.)
020 ## - INTERNATIONAL STANDARD BOOK NUMBER
International Standard Book Number 0761952764
041 0# - LANGUAGE CODE
Language code of text/sound track or separate title eng
080 ## - UNIVERSAL DECIMAL CLASSIFICATION NUMBER
Universal Decimal Classification number 316:008
245 00 - TITLE STATEMENT
Title Researching society and culture /
Statement of responsibility, etc edited by Clive Seale.
260 ## -
-- London ;
-- Thousand Oaks, Calif. :
-- Sage Publications,
-- 1998.
300 ## -
-- viii, 349 f. :
-- me ill. ;
-- 25 cm.
650 #0 -
-- Sociologji
650 #0 -
-- Kulturë
650 #0 -
-- Hulumtim
700 1# -
-- Seale, Clive.
942 ## - ADDED ENTRY ELEMENTS (KOHA)
Source of classification or shelving scheme
Item type Books
Holdings
Withdrawn status Lost status Source of classification or shelving scheme Damaged status Not for loan Collection code Permanent location Current location Shelving location Date acquired Total Checkouts Full call number Barcode Date last seen Koha item type
          Koleksioni i përgjithshem UBT - Lipjan UBT - Lipjan Koleksioni i përgjithshem 11/26/2015   316:008 RES 002-008700 11/26/2015 Books
UBT Library © 2015-2024. All rights reserved University Education for Business and Technology